LEADER 00932nam0-22003011i-450- 001 990006164990403321 005 19980601 035 $a000616499 035 $aFED01000616499 035 $a(Aleph)000616499FED01 035 $a000616499 100 $a19980601d1957----km-y0itay50------ba 105 $a--------00-yy 200 1 $a<>Demand and Supply of Scientific Personnel$fDavid M. Blank, George J. Stigler. 210 $aNew York$cNational Bureau of Economic Research$d1957 215 $aXIX,, 200 p.$d24 cm 225 1 $a"National Bureau of Economic Research"$v62 676 $a331.5 700 1$aBlank,$bDavid M.$0234000 702 1$aStigler,$bGeorge Joseph$f<1911-1991> 801 0$aIT$bUNINA$gRICA$2UNIMARC 901 $aBK 912 $a990006164990403321 952 $aXV C 69 (62)$b66051$fFGBC 959 $aFGBC 996 $aDemand and Supply of Scientific Personnel$9644447 997 $aUNINA DB $aGIU01 LEADER 01535nas 2200505-a 450 001 996198066403316 005 20221207000656.0 035 $a(OCoLC)40476026 035 $a(CKB)954925400548 035 $a(CONSER)sn-98047989- 035 $a(DE-599)ZDB2006501-2 035 $a(EXLCZ)99954925400548 100 $a19981211a19659999 s-- - 101 0 $aeng 135 $aurun||||||||| 181 $ctxt$2rdacontent 182 $cc$2rdamedia 183 $acr$2rdacarrier 200 10$aFujitsu scientific & technical journal 210 $aKawasaki, Kanagawa $cFujitsu Ltd 300 $aRefereed/Peer-reviewed 311 $a0016-2523 517 3 $aFujitsu scientific and technical journal 517 1 $aFujitsu sci. tech. j 531 $aFUJITSU SCI 531 $aFUJITSU SCI TECH J 531 $aFUJITSU SCIENTIFIC AND TECHNICAL JOURNAL 531 $aFUJITSU SCI. TECH. J 606 $aElectrical engineering$vPeriodicals 606 $aElectrical engineering$2fast$3(OCoLC)fst01728596 606 $aElektrotechnik$2swd 606 $aInformationstechnik$2swd 606 $aZeitschrift$2swd 608 $aPeriodicals.$2fast 615 0$aElectrical engineering 615 7$aElectrical engineering. 615 07$aElektrotechnik. 615 07$aInformationstechnik. 615 07$aZeitschrift. 712 02$aFujits? Kabushiki Kaisha. 712 02$aFujits? Kenky?jo. 906 $aJOURNAL 912 $a996198066403316 996 $aFujitsu scientific & technical journal$92165438 997 $aUNISA